Regeneración de resinas de intercambio iónico por medio de CO2 /

Guardado en:
Detalles Bibliográficos
Autor principal: Ortiz Moreno, Raúl Enrique (autor)
Formato: Tesis Libro
Idioma:Español
Temas:
Etiquetas: Agrega una etiqueta
Sin etiquetas, Sé el primero en etiquetar este registro!

MARC

LEADER 00000nam^a2200000^a^4500
001 000130230
005 20250521000000.0
009 20260310094941.248
037 |a Acervo ITESO - Biblioteca 
041 |a ESP 
090 |a IQU. 169 
100 |a Ortiz Moreno, Raúl Enrique  |e (autor) 
245 1 0 |a Regeneración de resinas de intercambio iónico por medio de CO2 /  |c R.E. Ortiz Moreno. 
264 |a Guadalajara, México :  |b edición de autor,  |c 2001 
300 |a 41 p. 
336 |a texto  |b txt  |2 rdacontenido 
337 |a sin mediación  |b n  |2 rdamedio 
338 |a volumen  |b nc  |2 rdasoporte 
502 |a ITESO Tesis de Licenciatura en Ingeniería Química 
649 |a XX 
650 |a Refrescos y Bebidas No Alcohólicas -  |x Industria y Comercio 
650 |a Agua -  |x Tratamiento y Reciclaje 
650 |a Resinas de Intercambio Iónico -  |x Tema Principal 
650 |a Intercambio Iónico 
650 |a Adsorción 
650 |a Procesos Unitarios 
650 |a Operaciones Unitarias 
650 |a Ingeniería Química 
910 |a Fondo General 
920 |a Impresos - Tesis del ITESO 
930 |a Colección General 
905 |a 104 
901 |a 0500060408  |b IT2  |c TSS  |u 20250521 
902 |a https://opac.biblio.iteso.mx/vufind/Record/000130230